000 00644nam a2200229Ia 4500
003 OSt
005 20220918174640.0
006 a|||||r|||| 00| 0
007 ta
008 220917b |||||||| |||| 00| 0 eng d
024 _a13,290
037 _cTextual
040 _aARTS
_cARTS
_beng
041 _2eng
_aeng
082 _aN15.2.M50-L50, K8
100 _aNilsson Sten
_951205
245 0 _aEuropean architecture in India 1750-1850 tr by from the Swedish by Anges George and Eleonore Zettersten
260 _c1968
650 _aARTS
942 _hN15.2.M50-L50, K8
_cTEXL
_2CC
999 _c154053
_d154053